[Event "Madrid-ch Seniors 50"]
[Site "Madrid"]
[Date "2022.03.28"]
[Round "1"]
[White "Fiz Criado, Fidel"]
[Black "Jimenez Ascarza, Jose Ignacio"]
[Result "1-0"]
[WhiteElo "1861"]
[BlackElo "1445"]
[PlyCount "73"]
[EventDate "2022.03.28"]
[EventType "swiss"]
[EventRounds "9"]
[EventCountry "ESP"]
[SourceTitle "EXT 2023"]
[Source "ChessBase"]
[SourceDate "2022.10.05"]
[SourceVersion "1"]
[SourceVersionDate "2022.10.05"]
[SourceQuality "1"]

1. e4 c5 2. d4 cxd4 3. c3 dxc3 4. Nxc3 Nc6 5. Nf3 d6 6. Bc4 e6 7. 0-0 h6 8. Qe2 Nge7 9. Rd1 Ng6 10. a3 Be7 11. Be3 0-0 12. Rac1 a6 13. b4 b5 14. Ba2 Bb7 15. g3 Rc8 16. h4 Nge5 17. Nxe5 Nxe5 18. Bf4 Bf6 19. Bd2 Bxh4 20. f4 Bxg3 21. fxe5 Bxe5 22. Qg4 Qb6+ 23. Kf1 Kh7 24. Bb1 f5 25. exf5 Rf6 26. Ke2 Rcf8 27. Be3 Qd8 28. Rg1 Qe7 29. fxe6+ Kh8 30. Ne4 Rxe6 31. Bb6 Bb2 32. Rc7 Qf6 33. Rxb7 d5 34. Rxg7 dxe4 35. Rg8+ Kh7 36. Bxe4+ Rxe4+ 37. Qxe4+ 1-0

[Event "Madrid-ch Seniors 50"]
[Site "Madrid"]
[Date "2020.01.13"]
[Round "1"]
[White "Sanchez Peral, Pedro"]
[Black "Jimenez Ascarza, Jose Ignacio"]
[Result "1-0"]
[WhiteElo "1818"]
[BlackElo "1436"]
[PlyCount "83"]
[EventDate "2020.01.13"]
[EventType "swiss"]
[EventRounds "9"]
[EventCountry "ESP"]
[SourceTitle "CBM 194 Extra"]
[Source "ChessBase"]
[SourceDate "2020.03.31"]
[SourceVersion "1"]
[SourceVersionDate "2020.03.31"]
[SourceQuality "1"]

1. e4 c5 2. Nf3 Nc6 3. Bb5 g6 4. Bxc6 bxc6 5. 0-0 Bg7 6. c3 d5 7. exd5 cxd5 8. d4 c4 9. b3 cxb3 10. axb3 Nf6 11. Re1 0-0 12. Nbd2 Qc7 13. c4 dxc4 14. bxc4 Be6 15. Ba3 Rfe8 16. Rc1 Bf5 17. Qa4 Bd7 18. Qa6 e6 19. Ne5 Bh6 20. Rc2 Bc8 21. Qa4 Bb7 22. c5 Bd5 23. Ndc4 Reb8 24. Bb4 Qb7 25. Ba5 Bxg2 26. c6 Bxc6 27. Nxc6 Rc8 28. N4e5 Nd5 29. Qa2 f6 30. Rb1 Qa6 31. Ng4 Rxc6 32. Rxc6 Qxc6 33. Nxh6+ Kg7 34. Ng4 Nf4 35. Ne3 Rc8 36. Be1 Nh3+ 37. Kf1 Nf4 38. d5 exd5 39. Qxa7+ Kh6 40. Rb7 d4 41. Rxh7+ Kg5 42. h4# 1-0